| 000 | 00515nam a2200181 u 4500 | ||
|---|---|---|---|
| 005 | 20210223131301.0 | ||
| 008 | 100513s2004 cl r 000 0 spa d | ||
| 020 | _a9972895521 | ||
| 035 | _aUPN01000175853 | ||
| 049 | _aC | ||
| 050 | 4 |
_aPC4591 _bD5.21 |
|
| 245 | 0 | 0 |
_aDiccionario sinónimos y antónimos / _ced. Julio Paredes. |
| 260 |
_aBogotá : _bNorma, _c2004. |
||
| 300 | _a261 p. | ||
| 650 | 4 |
_aESPAÑOL - _xSINONIMOS Y ANTONIMOS - _vDICCIONARIOS _913912 |
|
| 700 | 1 |
_aParedes, Julio, _eed. |
|
| 905 | _aLibro | ||
| 999 |
_c147956 _d147956 |
||